000 00743nam a2200241Ia 4500
003 OSt
005 20220918192648.0
006 a|||||r|||| 00| 0
007 ta
008 220917b |||||||| |||| 00| 0 eng d
024 _a69,480
037 _cTextual
040 _aARTS
_cARTS
_beng
041 _2eng
_aeng
082 _aQ4:4:9, 113K8.1-.2 (P15)
100 _aMittal Kusum
_979700
245 0 _aDogmatosche begriffsreihen im alteren Buddhismus II
_b das sangitisutra und sein kommentar sangitiparya 2 teil
260 _c1968
650 _aRELIGION
700 _a Stache Rosen Valentina
_979701
942 _hQ4:4:9, 113K8.1-.2 (P15)
_cTEXL
_2CC
999 _c195626
_d195626